Statistics for Name all of the African countries.

Click here to take the quiz!

General Stats

  • This quiz has been taken 125 times
  • The average score is 39 of 54

Answer Stats

HintAnswer% Correct
AAngola
91%
AAlgeria
86%
BBenin
85%
NNiger
85%
GGhana
83%
SSudan
83%
EEgypt
82%
NNigeria
82%
SSouth Sudan
82%
CCongo
80%
LLibya
80%
MMorocco
80%
RRwanda
80%
UUganda
80%
CChad
78%
KKenya
78%
MMali
78%
BBotswana
77%
EEthiopia
77%
TTanzania
77%
ZZambia
77%
ZZimbabwe
77%
GGuinea
75%
TTogo
75%
IIvory Coast
74%
SSeychelles
74%
SSouth Africa
74%
EEritrea
72%
MMadagascar
72%
MMauritania
72%
SSenegal
72%
SSomalia
72%
CCameroon
71%
LLesotho
71%
LLiberia
71%
BBurkina Faso
69%
BBurundi
69%
CCape Verde
69%
TTunisia
69%
EEswatini
68%
NNamibia
68%
CCentral African Republic
66%
GGabon
66%
GGambia
66%
GGuinea Bissau
66%
MMozambique
66%
EEquatorial Guinea
65%
MMauritius
65%
DDjibouti
62%
CComoros
60%
SSao Tome and Principe
57%
MMalawi
55%
SSierra Leone
55%
CCongo (DRTC)
2%

Score Distribution

Percentile by Number Answered

Percent of People with Each Score

Your Score History

You have not taken this quiz